| 000 | 00702cam a2200217 a 4500 | ||
|---|---|---|---|
| 001 | 12117093 | ||
| 005 | 20180220074400.0 | ||
| 008 | 000724s2000 nyu 000 0 eng | ||
| 010 | _a 00059188 | ||
| 020 | _a0375709320 | ||
| 040 |
_aDLC _cDLC _dDLC |
||
| 041 | _aeng | ||
| 080 | _a428.1 ELS | ||
| 082 | 0 | 0 |
_a428.1 ELS _221 |
| 100 | 1 | _a47 | |
| 101 | _aEDU | ||
| 245 | 1 | 0 |
_aVerbal advantage : _cCharles Harrington Elster. |
| 906 |
_a7 _bcbc _corignew _d1 _eocip _f20 _gy-gencatlg |
||
| 942 |
_2ddc _cBK |
||
| 999 |
_c42927 _d42927 |
||